Shapes and Symbols #1 - Statistics

General Stats
  • This quiz has been taken 99,626 times
    35,710 since last reset
  • The average score is 14 of 20
Answer Stats
Picture Answer % Correct
Heart
99%
Octagon
93%
Pi
93%
Hexagon
91%
Infinity
88%
Venus Symbol
87%
Maple Leaf
86%
Star of David
79%
Horseshoe
78%
Yin Yang
76%
Crescent
69%
Radioactivity
69%
Skull and Crossbones
67%
Trapezoid
67%
Hammer and Sickle
59%
{Dodeca}hedron
42%
Fleur-de-lis
40%
Ichthys (Jesus Fish)
33%
Ankh
27%
Caduceus
18%
No matching quizzes found
Score Distribution
Percent of People with Each Score
Percentile by Number Answered
Your Score History
You have not taken this quiz since the last reset